000 00889nam a2200241 i 4500
001 13506
003 ES-MaACL
005 20250804232916.0
007 t|
008 980423s1991 sp a |||| | spa d
080 _a377.6(460.27 M.):738(091)(064.3)
080 _a738(091)(064.3):377.6(460.27M.)
245 0 4 _aUna escuela durable en la memoria
_b: diciembre 91/enero 92, Museo Municipal de Madrid.
260 _aMadrid :
_bAyuntamiento :
_bEscuela Madrileña de Cerámica de la Moncloa,
_cD.L. 1991.
300 _a233 p. :
_bil. col. y n. ;
_c27 cm.
610 2 4 _aEscuela de Cerámica de la Moncloa-
_vHistoria-
_vExposiciones
_93574
655 7 _2tgfbne
_9193628
_aCatálogos de exposiciones
710 2 _aEscuela de Cerámica de la Moncloa
_93573
710 2 _aMuseo Municipal de Madrid
_95892
852 4 _aES-MaACL
_jL-20840
942 _2udc
999 _c13506
_d13506